From imperium to auctoritas

Guardat en:
Dades bibliogràfiques
Autor principal: Grant, Michael (Autor)
Format: Llibre
Idioma:anglès
Publicat: Cambridge Cambridge University 1969
Matèries:
Etiquetes: Afegir etiqueta
Sense etiquetes, Sigues el primer a etiquetar aquest registre!

MARC

LEADER 00000nam a2200000 a 4500
001 UCP9082
003 CL-VaPUC
008 000317e19690000uk |||||||||||||||||eng|d
082 0 4 |a 937.07  |b GRA  |2 21 
100 |a Grant, Michael  |e author  |9 559268 
245 1 0 |a From imperium to auctoritas 
300 |a 512 p 
942 |c BK 
945 |d 20000317 00:00:00  |a rherrera 
260 |a Cambridge  |b Cambridge University  |c 1969 
650 0 |a Historia antigua  |9 267521 
650 7 |a ROMA  |2 CL-VaPUC  |9 317375 
650 0 |a Imperio Romano  |9 322785 
650 7 |a CESARES  |2 CL-VaPUC  |9 344824 
650 7 |a TRIUNVIRATOS  |2 CL-VaPUC  |9 439424 
583 |a last modification  |c 20170612 01:49:38  |k Rodrigo Vera 
999 |c 285933  |d 285931 
952 |0 0  |1 0  |4 0  |6 937_070000000000000_GRA_1969  |7 0  |8 A  |9 330799  |a BIBHIS  |b BIBHIS  |d 2019-11-20  |i 1395688  |o 937.07 GRA 1969  |p 1395688  |r 2023-01-25  |w 2019-11-20  |y BK  |k HIS